Turbulence (Record no. 5373)

000 -LEADER
fixed length control field 00511nam a2200205 i 4500
001 - CONTROL NUMBER
control field 5373
003 - CONTROL NUMBER IDENTIFIER
control field BD-DhUET
008 - FIXED-LENGTH DATA ELEMENTS--GENERAL INFORMATION
fixed length control field 750220s1975 nyua b 001 0 eng
020 ## - INTERNATIONAL STANDARD BOOK NUMBER
International Standard Book Number 0070290377
040 ## - CATALOGING SOURCE
Original cataloging agency DLC
Transcribing agency DLC
Modifying agency BD-DhUET
082 00 - DEWEY DECIMAL CLASSIFICATION NUMBER
Classification number 532.56
Item number HIN/1975
100 1# - MAIN ENTRY--PERSONAL NAME
Personal name Hinze, J. O.
245 00 - TITLE STATEMENT
Title Turbulence
250 ## - EDITION STATEMENT
Edition statement 2nd ed.
260 ## - PUBLICATION, DISTRIBUTION, ETC. (IMPRINT)
Place of publication, distribution, etc. New York
Name of publisher, distributor, etc. McGraw-Hill
Date of publication, distribution, etc. 1975
300 ## - PHYSICAL DESCRIPTION
Extent x,790p.
Other physical details ill.
Dimensions 24 cm.
490 0# - SERIES STATEMENT
Series statement McGraw-Hill series in mechanical engineering
650 #0 - SUBJECT ADDED ENTRY--TOPICAL TERM
Topical term or geographic name as entry element Turbulence
942 ## - ADDED ENTRY ELEMENTS (KOHA)
Koha item type General Book
Holdings
Koha normalized classification for sorting Damaged status Koha item type Source of classification or shelving scheme Koha full call number Not for loan Koha date last seen Sublocation or collection (holding branch) Price effective from Date acquired Withdrawn status Koha date last borrowed Lost status Piece designation (barcode) Shelving location Copy number Location (home branch) Koha issues (times borrowed)
532_560000000000000_HIN_1975 General Book 532.56/HIN/1975 2014-11-26Central Library, BUET2014-11-262014-11-26   63813Circulation section1Central Library, BUET 
532_560000000000000_HIN_1975 General Book 532.56/HIN/1975 2014-11-26Central Library, BUET2014-11-262014-11-26   63816Circulation section2Central Library, BUET 
532_560000000000000_HIN_1975 General Book 532.56/HIN/1975 2014-12-07Central Library, BUET2014-12-072014-12-07   44334Circulation section3Central Library, BUET 
532_560000000000000_HIN_1975 General Book 532.56/HIN/1975 2014-12-07Central Library, BUET2014-12-072014-12-07   63807Circulation section4Central Library, BUET 
532_560000000000000_HIN_1975 General Book 532.56/HIN/1975 2015-03-29Central Library, BUET2014-12-072014-12-07 2015-03-25 63812Circulation section5Central Library, BUET1
532_560000000000000_HIN_1975 General Book 532.56/HIN/1975 2014-12-07Central Library, BUET2014-12-072014-12-07   63805Circulation section6Central Library, BUET 
532_560000000000000_HIN_1975 General Book 532.56/HIN/1975 2014-12-07Central Library, BUET2014-12-072014-12-07   63810Circulation section7Central Library, BUET 
532_560000000000000_HIN_1975 General Book 532.56/HIN/1975 2014-12-07Central Library, BUET2014-12-072014-12-07   63808Circulation section8Central Library, BUET 
532_560000000000000_HIN_1975 General Book 532.56/HIN/1975 2014-12-07Central Library, BUET2014-12-072014-12-07   63809Circulation section9Central Library, BUET 
532_560000000000000_HIN_1975 General Book 532.56/HIN/1975 2023-02-28Central Library, BUET2014-12-072014-12-07 2022-11-14 63806Circulation section10Central Library, BUET1
532_560000000000000_HIN_1975 General Book 532.56/HIN/1975 2015-09-14Central Library, BUET2014-12-072014-12-07 2015-05-26 63815Circulation section11Central Library, BUET1
532_560000000000000_HIN_1975 General Book 532.56/HIN/1975 2015-03-09Central Library, BUET2015-03-092015-03-09   39158Circulation section12Central Library, BUET 
532_560000000000000_HIN_1975 Reading Item 532.56/HIN/1975 2015-06-07Central Library, BUET2015-06-072015-06-07   58968Reading section13Central Library, BUET 
532_560000000000000_HIN_1975 Reading Item 532.56/HIN/1975 2015-06-07Central Library, BUET2015-06-072015-06-07   60653Reading section14Central Library, BUET 
532_560000000000000_HIN_1975 Reading Item 532.56/HIN/1975 2015-06-23Central Library, BUET2015-06-232015-06-23   52729Reading section15Central Library, BUET 
532_560000000000000_HIN_1975 General Book 532.56 HIN/1975 2024-11-27Central Library, BUET2024-11-161985-06-29 2024-11-27 63811Circulation section16Central Library, BUET1
532_560000000000000_HIN_1975 General Book 532.56 HIN/1975 2024-11-16Central Library, BUET2024-11-162024-11-16      Central Library, BUET 
532_560000000000000_HIN_1975 General Book 532.56 HIN/1975 2024-11-16Central Library, BUET2024-11-162025-09-03   39159Circulation section18Central Library, BUET